000 00636nam a2200229Ia 4500
005 20241216010054.0
008 180423s9999||||xx |||||||||||||| ||und||
082 _a371.102
_bS31
100 _aSCHAIN, ROBERT L.
245 0 _aCOMO ENSEÑAR Y QUE EVITAR EN LOS ESTUDIOS SOCIALES
250 _a0
260 _aMEXICO
_bCENTRO REG.DE AYUDA TECN.
_c1968
300 _a98 pag.
_c18 cm
341 _h0
440 _aMAN.UTEHA BREVE 398
490 _v0
_a0
505 _aPLANEAC.-LECCION (EDUC.)/CORRECION-DEFECTOS COMUNES (ENSE .)
541 _aC
_d13-Dec-93
650 _aCIENCIAS SOCIALES
856 _zHumanidades
942 _cLIBRO
999 _c4783
_d4783